Исследование точности и математическая обработка сетей сгущения: одобрено ученым советом Омского СХИ

Մատենագիտական մանրամասներ
Համատեղ հեղինակ: Омский сельскохозяйственный институт им. С. М. Кирова (ОмСХИ)
Այլ հեղինակներ: Нещадимов Л. С. (редактор)
Լեզու:ռուսերեն
Հրապարակվել է: Омск, Изд-во ОСХИ, 1981
Խորագրեր:
Ձևաչափ: MixedMaterials Գիրք
KOHA link:https://koha.lib.tpu.ru/cgi-bin/koha/opac-detail.pl?biblionumber=300761

MARC

LEADER 00000nam0a2200000 4500
001 300761
005 20231102001332.0
020 |a RU  |b 82-35525 
035 |a (RuTPU)RU\TPU\book\325914 
090 |a 300761 
100 |a 20150716d1981 km y0rusy5003 ca 
101 0 |a rus 
102 |a RU 
105 |a a z 001zy 
200 1 |a Исследование точности и математическая обработка сетей сгущения  |e одобрено ученым советом Омского СХИ  |f Омский сельскохозяйственный институт им. С. М. Кирова (ОмСХИ) ; под ред. Л. С. Нещадимова 
210 |a Омск  |c Изд-во ОСХИ  |d 1981 
215 |a 51 с.  |c ил. 
320 |a Библиография в конце статей 
606 1 |a Сети сгущения  |2 stltpush  |3 (RuTPU)RU\TPU\subj\54707  |9 72812 
610 1 |a годезические измерения 
610 1 |a годезические сети 
610 1 |a уравнивание 
610 1 |a точность 
610 1 |a математическая обработка 
610 1 |a топографическая съемка 
610 1 |a триангуляционные сети 
610 1 |a трилатерация 
610 1 |a полигонометрические сети 
675 |a 528.33  |z rus  |v 3 
702 1 |a Нещадимов  |b Л. С.  |4 340 
712 0 2 |a Омский сельскохозяйственный институт им. С. М. Кирова (ОмСХИ)  |c (1935-1994)  |2 stltpush  |3 (RuTPU)RU\TPU\col\19491 
801 0 |a RU  |b RuMRKP  |c 19950704  |g psbo 
801 1 |a RU  |b 63413507  |c 20150716 
801 2 |a RU  |b 63413507  |c 20191225  |g RCR 
942 |c BK